000 00443 a2200157 4500
999 _c6460
_d6460
020 _a0356107884
050 0 0 _aZ 244 BAN 1985
100 1 _aBann, David.
245 1 4 _aThe Print Production Handbook /
_cDavid Bann.
264 _aLondon:
_bQuarto Publishing,
_c1985.
300 _a160 p. :
_bill. (some col.) ;
500 _aIncludes index.
650 0 _aPrinting
_xHandbooks, manuals, etc.
650 0 _aPrinting.
942 _2lcc
_cBK
_h244
_iBAN
_kZ